000 00535nam a2200217Ia 4500
003 OSt
005 20220928150039.0
006 a|||||r|||| 00| 0
007 ta
008 220927b |||||||| |||| 00| 0 eng d
024 _a86834
037 _cTextual
040 _aSDCL
_cSDCL
_beng
041 _2eng
_aeng
082 _aX:8, N6
100 _aRastogi P N
_9370949
245 0 _aManaging creativity for corporate excellence
260 _c1996
942 _hX:8, N6
_cTEXL
_2CC
999 _c838870
_d838870